[Event "45th Olympiad 2024"]
[Site "Budapest HUN"]
[Date "2024.09.20"]
[Round "9.40"]
[Board "1"]
[White "Fawzy, Adham"]
[Black "Lee, Junhyeok"]
[Result "1-0"]
[WhiteElo "2507"]
[BlackElo "2364"]
[PlyCount "111"]
[EventDate "2024.09.11"]
[WhiteTeam "Egypt"]
[BlackTeam "South Korea"]
[WhiteTeamCountry "EGY"]

1. e4 e5 2. Nf3 d6 3. d4 exd4 4. Qxd4 Nf6 5. Bb5+ ({RR} 5. e5 dxe5 6. Qxd8+ Kxd8 7. Nxe5 Be6 8. Bg5 Nbd7 9. Nd3 h6 10. Bh4 g5 11. Bg3 Bg7 12. Nc3 Nh5 13. Kd2 Nxg3 14. hxg3 c5 15. Rd1 Kc7 16. Be2 c4 17. Nb4 Nb6 18. Nb5+ Kb8 19. c3 a6 {0-1 Demchenko,A (2610)-Polivanov,A (2454) Bogdanovich Memorial Final blitz 2021 (2)}) 5... c6 6. Be2 ({RR} 6. Bc4 Be7 7. Nc3 b5 8. Bd3 O-O 9. O-O Nbd7 10. e5 dxe5 11. Nxe5 Bc5 12. Qf4 Bd6 13. Nxc6 Bxf4 14. Nxd8 Bxc1 15. Raxc1 Rxd8 16. Nxb5 Ne5 17. Be2 Bf5 18. h3 a6 19. Nc7 Rac8 20. Nxa6 Rxc2 {0-1 Mendes Aaron Reeve (2134)-Pein,J (2276) Titled Tue 4th Jul Late 2023 (3)}) 6... Be7 $146 ({RR} 6... Nbd7 7. Bf4 Nb6 8. Nc3 Be7 9. O-O-O d5 10. exd5 Nbxd5 11. Bc4 Be6 12. Ng5 O-O 13. Nxe6 fxe6 14. Qe5 Qc8 15. f3 b5 16. Bb3 a5 17. a4 b4 18. Ne2 Bd8 19. Bd2 c5 20. Bc4 Bc7 21. Qg5 {1-0 Kolesnikov,M (2050)-Sokolov,Y (2014) Lipetsk Alekhin Cup 2006 (2)}) 7. Nc3 O-O 8. Bf4 Nh5 9. Be3 Nd7 10. Rd1 Qc7 11. Nd2 c5 12. Qa4 Nhf6 13. Nb5 Qb8 14. c4 Ne5 15. Nc3 Bd7 16. Qc2 a6 17. a4 Re8 18. O-O Nc6 19. Nb3 Nb4 20. Qd2 Bc6 21. Bf4 b6 22. f3 Qb7 23. Nc1 Rad8 24. Nd3 a5 25. b3 h6 26. Be3 Bf8 27. Nf4 Qc8 28. h4 Be7 29. Bf2 Bf8 30. g4 g6 31. Bg3 Bg7 32. Kh2 Nd7 33. Ng2 Ne5 34. Ne3 Bb7 35. Ncd5 Bxd5 36. cxd5 Qc7 37. Bb5 Re7 38. Rde1 Nd7 39. Nc4 Ne5 40. Ne3 Nd7 41. Nc4 Ne5 42. Bxe5 Bxe5+ 43. f4 Bd4 44. f5 Kh7 45. Kh3 Rg8 46. e5 Nxd5 47. exd6 Rxe1 48. Qxe1 Qd8 49. fxg6+ fxg6 50. Qe6 Nf6 51. Qe7+ Kh8 52. Ne5 Qxe7 53. dxe7 Bxe5 54. g5 hxg5 55. hxg5 Ne4 56. Rf8 1-0

[Event "45th Olympiad 2024"]
[Site "Budapest HUN"]
[Date "2024.09.20"]
[Round "9.40"]
[Board "2"]
[White "Ahn, Hongjin"]
[Black "Wageih, Kareim"]
[Result "1-0"]
[WhiteElo "2251"]
[BlackElo "2402"]
[PlyCount "121"]
[EventDate "2024.09.11"]
[WhiteTeam "South Korea"]
[BlackTeam "Egypt"]
[BlackTeamCountry "EGY"]

1. e4 c5 2. Nf3 e6 3. d4 cxd4 4. Nxd4 Nc6 5. Nc3 Qc7 6. Be3 a6 7. a3 b5 8. Nxc6 Qxc6 9. h4 ({RR} 9. Bd3 Bb7 10. f4 Bc5 11. Qe2 Rc8 12. g4 Ne7 13. f5 O-O 14. Rf1 f6 15. g5 exf5 16. Bxc5 Qxc5 17. gxf6 Rxf6 18. O-O-O f4 19. e5 f3 20. Qe1 Re6 21. Qh4 Ng6 22. Bxg6 Rxg6 23. Rxd7 Bc6 {1-0 Nepomniachtchi,I (2784)-Matlakov,M (2685) Titled Tuesday intern op 26th May blitz 2020 (10)}) 9... Bb7 10. h5 h6 11. Bd3 ({RR} 11. Rh4 d6 12. Qd4 Nf6 13. g4 Be7 14. g5 hxg5 15. Bxg5 Rxh5 16. Rxh5 Nxh5 17. Bxe7 Kxe7 18. a4 bxa4 19. Rxa4 Qc5 20. Qd2 Nf6 21. Rc4 Qb6 22. Na4 Qd8 23. e5 Nd5 24. Qg5+ Kf8 25. Qh5 dxe5 {0-1 Nigalidze,G (2373)-Morales Garcia,S (2249) Titled Tue 13th Feb Late 2024 (9)}) 11... Nf6 $146 ({RR} 11... Bc5 12. Qg4 Nf6 13. Qxg7 Ke7 14. e5 Nh7 15. Bxh7 Rxh7 16. Qxh7 Bxe3 17. fxe3 Qxg2 18. O-O-O {1-0 Brodsky,D (2497)-Caglar,S (2285) Texas Collegiate Rapid 2023 (2.106)}) ({RR} 11... Rc8 12. Rh3 Nf6 13. Kf1 Bc5 14. Qe2 O-O 15. Rd1 d6 16. Kg1 Rfd8 17. Qf3 Bxe3 18. Qxe3 Qc5 19. Qe2 Qe5 20. Re1 Rc5 21. g4 Qf4 22. f3 d5 23. exd5 Nxd5 24. Nxd5 Bxd5 25. Qe3 Qxe3+ 26. Rxe3 {½-½ Giri,A (2764)-Matlakov,M (2685) Titled Tuesday intern op 17th Nov blitz 2020 (8)}) 12. Qf3 Qc7 13. g4 Bc5 14. Bd2 d6 15. Qg3 Nd7 16. Ne2 Ne5 17. Bc3 Bc6 18. Nd4 Nxd3+ 19. cxd3 Bxd4 20. Bxd4 e5 21. Bc3 Qe7 22. Rc1 Bd7 23. Ke2 Qe6 24. f3 f6 25. Qf2 O-O 26. Qe1 d5 27. Qd2 Bc6 28. Bb4 Rfd8 29. Qc2 Bb7 30. Ba5 dxe4 31. dxe4 Rd4 32. Kf2 Rc8 33. Qe2 Qb3 34. Rxc8+ Bxc8 35. Rc1 Be6 36. Qc2 Qa2 37. Qc6 Qxb2+ 38. Rc2 Qb3 39. Qe8+ Kh7 40. Rc7 Bd7 41. Rxd7 Qa2+ 42. Kg3 Rxd7 43. Qxd7 Qxa3 44. Qf5+ Kh8 45. Qc8+ Kh7 46. Bd2 Qa1 47. Qf5+ Kh8 48. Be3 Qe1+ 49. Bf2 Qc3 50. g5 hxg5 51. h6 Qc6 52. Qg6 gxh6 53. Be3 b4 54. Qxh6+ Kg8 55. Qg6+ Kf8 56. Bxg5 Ke7 57. Qg7+ Ke8 58. Bxf6 Qc5 59. Bxe5 Qg1+ 60. Kf4 Qc1+ 61. Kf5 1-0

[Event "45th Olympiad 2024"]
[Site "Budapest HUN"]
[Date "2024.09.20"]
[Round "9.63"]
[Board "3"]
[White "Amewounou, Komlan Kouessan"]
[Black "Momin Fayzan"]
[Result "0-1"]
[WhiteElo "1825"]
[BlackElo "2064"]
[PlyCount "112"]
[EventDate "2024.09.11"]
[WhiteTeam "Togo"]
[BlackTeam "Pakistan"]
[WhiteTeamCountry "TOG"]
[BlackTeamCountry "PAK"]

1. e4 e5 2. Bc4 Nc6 3. d4 exd4 4. Nf3 Nf6 5. O-O Nxe4 6. Re1 d5 7. Bxd5 Qxd5 8. Nc3 Qd8 9. Rxe4+ Be6 10. Nxd4 Nxd4 11. Rxd4 Qc8 12. Bg5 f6 ({RR} 12... Bd6 13. Ne4 O-O 14. Nxd6 cxd6 15. Rxd6 Re8 {½-½ Valitov,I (1878)-Marjanovic,R (2201) IM SWISS MIX Grocka 1 2024 (3.10)}) 13. Bh4 $146 ({RR} 13. Qe2 Bc5 14. Qb5+ c6 15. Qxc5 fxg5 16. Re1 b6 17. Qe5 Kf7 18. Ne4 Qg8 19. Nxg5+ Kg6 20. Nxe6 {1-0 Schiffers,E-Chigorin,M Hastings International Masters 1895 (4)}) ({RR} 13. Bxf6 gxf6 14. Qh5+ Bf7 15. Re1+ Be7 16. Qe2 O-O 17. Nd5 Bxd5 18. Rxd5 Bd6 19. Rh5 Qe8 20. Qg4+ Qg6 21. Qc4+ Kh8 22. Rh4 Rae8 23. Rd1 Re5 24. g3 Rc5 25. Qb4 Qxc2 26. Qd4 Re5 27. Qg4 Bc5 {0-1 Serebrov,V-Gonchar,A (1906) Dzerzhinsk Vavilov Memorial 7th 2015 (9)}) 13... Be7 14. Qh5+ g6 15. Qe2 Kf7 16. Re1 Re8 17. Re4 Bd6 18. Nb5 Qd7 19. Nd4 Bd5 20. Rxe8 Rxe8 21. Qxe8+ Qxe8 22. Rxe8 Kxe8 23. Bxf6 Kf7 24. Bd8 Ke8 25. Bf6 Kf7 26. Bd8 Be5 27. c3 Ke8 28. Bg5 Bxa2 29. Be3 a6 30. f4 Bf6 31. g4 Kd7 32. Kf2 c5 33. Nf3 Kd6 34. Nd2 Bd5 35. c4 Bc6 36. Nb3 b6 37. Bc1 b5 38. Be3 bxc4 39. Nxc5 Bxb2 40. Nxa6 Ba3 41. Bd4 Kd5 42. Be5 Ke4 43. Kg3 Kd3 44. Nc7 c3 45. Bxc3 Kxc3 46. Ne6 Be7 47. h4 Bd7 48. Ng5 Bxg5 49. fxg5 Kd4 50. Kf4 Bc8 51. Kf3 Ke5 52. h5 Bd7 53. Kg3 Ke4 54. hxg6 hxg6 55. Kh3 Kf4 56. Kh4 Bc8 0-1

[Event "45th Olympiad 2024"]
[Site "Budapest HUN"]
[Date "2024.09.20"]
[Round "9.63"]
[Board "4"]
[White "Mudasir, Iqbal"]
[Black "Fumey, Enyonam Sewa"]
[Result "0-1"]
[WhiteElo "2055"]
[BlackElo "1845"]
[PlyCount "84"]
[EventDate "2024.09.11"]
[WhiteTeam "Pakistan"]
[BlackTeam "Togo"]
[WhiteTeamCountry "PAK"]
[BlackTeamCountry "TOG"]

1. e4 {ChessBase} c6 2. d4 d5 3. f3 Qb6 4. c4 ({RR} 4. Nc3 dxe4 5. Nxe4 Bf5 6. c3 Nd7 7. Bd3 e5 8. Ne2 exd4 9. cxd4 Bb4+ 10. Bd2 Ne7 11. O-O O-O 12. Kh1 Bxd2 13. Qxd2 Rad8 14. Rac1 Bg6 15. Bc4 Qc7 16. b4 Nb6 17. Bb3 Nbd5 18. b5 Qb6 {0-1 Timofeev,A (2655)-Jobava,B (2695) EU-ch 11th Rijeka 2010 (6)}) 4... e6 $146 ({RR} 4... e5 5. exd5 exd4 6. Ne2 Bb4+ 7. Bd2 d3 8. Nec3 Bf5 9. Qb3 Nf6 10. a3 Bxc3 11. Qxc3 O-O 12. Bxd3 Bxd3 13. Qxd3 Re8+ 14. Kd1 cxd5 15. Nc3 dxc4 16. Qxc4 Nc6 17. Re1 Rxe1+ 18. Kxe1 Ne5 19. Qe2 {½-½ Baltazar Ibanez,D (2054)-Mammadov,S FIDE World Uni Rapid-D 1st 2021 (2)}) ({RR} 4... dxe4 5. fxe4 e5 6. d5 Nf6 7. Bd3 Bb4+ 8. Nc3 Ng4 9. Qe2 Nxh2 10. Be3 Bc5 11. Bxc5 Qxc5 12. O-O-O Ng4 13. Nh3 O-O 14. Kb1 Na6 15. Qe1 f5 16. Qh4 Nh6 17. Ng5 Nb4 18. Be2 cxd5 19. cxd5 {½-½ Martinez Hernandez,P (1924)-Pietryk,J (1741) Wroclaw Open B 2024 (6.37)}) ({RR} 4... dxc4 5. Nc3 Nd7 6. Bxc4 e5 7. Nge2 exd4 8. Qxd4 Qxd4 9. Nxd4 Ne5 10. Be2 Bb4 11. Bd2 Ne7 12. O-O-O a6 13. Kc2 c5 14. Nb3 N5c6 15. a3 Bxc3 16. Bxc3 b6 17. Rd6 O-O 18. Bc4 b5 19. Bd5 {1-0 Al Darwashi,A (1530)-Gabdushev,A (1827) Asia-ch Amateur 2022 (6)}) ({RR} 4... e5 5. c5 Qb4+ 6. Qd2 Qxd4 7. Qxd4 exd4 8. exd5 Bxc5 9. dxc6 Nxc6 10. Bb5 Bd7 11. Nd2 Nb4 12. Bxd7+ Kxd7 13. Nb3 Bb6 14. Kf1 Nf6 15. Ne2 Nc2 16. Rb1 Rhe8 17. Bd2 Nd5 {0-1 Sotirov,N (2123)-Ivanov,L (1964) BUL-ch sf 75th 2011 (3)}) 5. Nc3 Nf6 6. c5 Qd8 7. Bg5 Be7 8. e5 Nh5 9. Be3 Bg5 10. Bf2 Nf4 11. h4 Be7 12. h5 g6 13. hxg6 Nxg6 14. g3 b6 15. b4 a5 16. a3 Ba6 17. Bxa6 Rxa6 18. f4 b5 19. Kf1 Nd7 20. Kg2 Ndf8 21. Nge2 f5 22. Qd3 Qa8 23. Rab1 axb4 24. axb4 Ra3 25. Qf3 h5 26. Rxh5 Rg8 27. Kh2 Kd7 28. g4 fxg4 29. Qxg4 Qe8 30. f5 Nxe5 31. fxe6+ Nxe6 32. Qh3 Ng4+ 33. Kg2 Rxc3 34. Nxc3 Nf4+ 35. Kf1 Nxh3 36. Rxh3 Nxf2 37. Kxf2 Rf8+ 38. Kg2 Qg6+ 39. Kh1 Qg4 40. Rh7 Qf3+ 41. Kh2 Qxc3 42. Rg1 Qc2+ 0-1

[Event "45th Olympiad 2024"]
[Site "Budapest HUN"]
[Date "2024.09.20"]
[Round "9.64"]
[Board "1"]
[White "Hamperl, Fred"]
[Black "Eltigani, Omar"]
[Result "0-1"]
[WhiteElo "1977"]
[BlackElo "2241"]
[PlyCount "40"]
[EventDate "2024.09.11"]
[WhiteTeam "Guernsey"]
[BlackTeam "Sudan"]
[BlackTeamCountry "SUD"]

1. e4 c5 2. Nf3 e6 3. b3 b6 4. Bb2 Bb7 5. Nc3 Nc6 6. g3 Nf6 7. Bg2 d5 ({RR} 7... Be7 8. O-O d6 9. d4 cxd4 10. Nxd4 Nxd4 11. Qxd4 O-O 12. Rad1 a6 13. Rfe1 Qc7 14. a4 Rfd8 15. h3 Rac8 16. Rd2 Ne8 17. Qe3 Bf6 18. Nd1 Bxb2 19. Nxb2 b5 20. axb5 axb5 21. Red1 Qc3 22. Qxc3 {1-0 Sadhwani,R (2653)-Gubaydulin,T (2385) FIDE World Bl Team Pool B 2024 (1.14)}) 8. exd5 exd5 9. d4 Ba6 $146 ({RR} 9... Be7 10. O-O O-O 11. Re1 cxd4 12. Nxd4 Nxd4 13. Qxd4 Bc5 14. Qh4 Rc8 15. Rad1 Re8 16. Rxe8+ Qxe8 17. Qg5 h6 18. Qf5 Rd8 19. Na4 Qe2 20. Rf1 Be7 21. Bf3 Qe6 22. Qxe6 fxe6 23. Re1 Bc8 24. Nc3 {½-½ Schilow,W (2400)-Meister,J (2494) Berlin Kreuzberg op 3th 2002 (7)}) ({RR} 9... Be7 10. O-O O-O 11. Re1 Re8 12. dxc5 bxc5 13. Ne5 Nd4 14. Na4 Qc7 15. Bxd4 cxd4 16. Qxd4 Bd6 17. Nd3 Rxe1+ 18. Rxe1 Qxc2 19. Nac5 Bc6 20. a4 Qd2 21. Bf1 Re8 22. Rxe8+ Bxe8 23. b4 Qd1 24. Nb7 {½-½ Kivisto,M (2304)-Kanko,I (2241) FIN-chT 0809 2008 (1.5)}) ({RR} 9... Be7 10. O-O O-O 11. Re1 Rc8 12. a3 c4 13. Ne5 cxb3 14. cxb3 Na5 15. Rc1 a6 16. Na4 Rxc1 17. Bxc1 Qc7 18. Qd3 b5 19. Nc5 Bc8 20. Bg5 Rd8 21. Rc1 Qd6 22. Bf4 Nh5 23. Bd2 Nb7 24. Bb4 {½-½ Broberg,H (2158)-Randt,K Leipzig VfB op 06th 1999 (9)}) 10. Ne5 Nxd4 11. Nxd5 Nxd5 12. c4 Qc7 13. Bxd4 cxd4 14. Qxd4 O-O-O 15. O-O-O Bc5 16. Qg4+ Kb8 17. Rhe1 f6 18. Nc6+ Qxc6 19. Bxd5 Qc7 20. Re6 Bc8 0-1

[Event "45th Olympiad 2024"]
[Site "Budapest HUN"]
[Date "2024.09.20"]
[Round "9.64"]
[Board "2"]
[White "Ahmed Hassan"]
[Black "Rowe, Peter"]
[Result "1-0"]
[WhiteElo "2234"]
[BlackElo "1973"]
[PlyCount "75"]
[EventDate "2024.09.11"]
[WhiteTeam "Sudan"]
[BlackTeam "Guernsey"]
[WhiteTeamCountry "SUD"]

1. Nf3 d5 2. c4 c6 3. g3 Nf6 4. Bg2 Bf5 5. cxd5 cxd5 6. Qb3 Qc7 7. Nc3 e6 8. d3 a6 9. Bf4 Qc8 10. O-O Be7 11. Na4 Nfd7 12. Rac1 Nc6 13. Ne5 Bd8 14. Nxd7 $146 ({RR} 14. e4 dxe4 15. dxe4 Bg6 16. Nxd7 Qxd7 17. Nc5 Qe7 18. Nxb7 Nd4 19. Qa4+ Qd7 20. Nd6+ Ke7 21. Qxd4 {1-0 Oatlhotse,P (2196)-Nshikokola,M (1896) Africa-ch Livingstone 2018 (2)}) 14... Qxd7 15. Nc5 Nd4 16. Qd1 Qe7 17. Be5 Nc6 18. Bxg7 Rg8 19. Bh6 Bb6 20. b4 f6 21. e4 dxe4 22. dxe4 Bg4 23. Qa4 Kf7 24. Be3 Be2 25. Rfe1 Bb5 26. Qb3 Ne5 27. a4 Bc6 28. h3 h5 29. Bd4 Rad8 30. Red1 Bxc5 31. Bxc5 Rxd1+ 32. Qxd1 Qe8 33. Qxh5+ Ng6 34. Be3 Ke7 35. b5 axb5 36. axb5 Bxb5 37. Qh7+ Kd6 38. Qc7# 1-0

[Event "45th Olympiad 2024"]
[Site "Budapest HUN"]
[Date "2024.09.20"]
[Round "9.64"]
[Board "3"]
[White "Brookfield, Toby"]
[Black "Hamid Ibrahim"]
[Result "0-1"]
[WhiteElo "1872"]
[BlackElo "2090"]
[PlyCount "76"]
[EventDate "2024.09.11"]
[WhiteTeam "Guernsey"]
[BlackTeam "Sudan"]
[BlackTeamCountry "SUD"]

1. e4 c6 2. Nf3 d5 3. exd5 cxd5 4. Ne5 Nc6 5. Bb5 Qc7 6. d4 Nf6 7. Bf4 ({RR} 7. O-O e6 8. c3 Bd6 9. f4 a6 10. Bd3 b5 11. Be3 Bb7 12. Nd2 Nd7 13. Qh5 Nf6 14. Qh3 Ne7 15. Rae1 O-O-O 16. Nxf7 Qd7 17. Bf2 Bxf4 18. Nb3 Nf5 19. Nxh8 Rxh8 20. Nc5 Qc7 21. Nxe6 {1-0 Pinero,C (2284)-Shevchuk,O (2093) Titled Tue 2nd Apr Late 2024 (5)}) 7... Qb6 8. Nc3 Bf5 9. O-O Rc8 $146 ({RR} 9... e6 10. a4 Bb4 11. a5 Bxa5 12. Rxa5 Qxa5 13. Nxc6 Qb6 14. Ne5+ Ke7 15. Qa1 Kd8 16. Nxf7+ Ke7 17. Nxh8 Rxh8 18. Be5 Ng4 19. Bd3 Bxd3 20. cxd3 Nxe5 21. dxe5 Qd4 22. Qa3+ Kf7 23. Qd6 Re8 24. Nb5 {1-0 Ghafoul,Z (1604)-Fermas,W ALG-ch sf Sidi Bel Abbes 2013 (6)}) 10. Re1 e6 11. g4 Bg6 12. h4 a6 13. Bxc6+ bxc6 14. h5 Be4 15. Rb1 h6 16. Nxe4 Nxe4 17. f3 Nf6 18. c3 Be7 19. Qd2 Qb7 20. b4 Nh7 21. Bxh6 gxh6 22. Nxf7 Bg5 23. Nd6+ Kd7 24. Qe2 Kxd6 25. Qxe6+ Kc7 26. Qe5+ Kb6 27. b5 axb5 28. Qd6 Qc7 29. Qc5+ Ka6 30. Qa3+ Kb7 31. Re2 Qg3+ 32. Rg2 Be3+ 33. Kh1 Qh3+ 34. Rh2 Qxf3+ 35. Rg2 Bf4 36. Qc5 Qh3+ 37. Kg1 Be3+ 38. Kf1 Qh1+ 0-1

[Event "45th Olympiad 2024"]
[Site "Budapest HUN"]
[Date "2024.09.20"]
[Round "9.64"]
[Board "4"]
[White "Eltag, Siddig"]
[Black "Owen, Garth I"]
[Result "1-0"]
[WhiteElo "2138"]
[BlackElo "1810"]
[PlyCount "47"]
[EventDate "2024.09.11"]
[WhiteTeam "Sudan"]
[BlackTeam "Guernsey"]
[WhiteTeamCountry "SUD"]

1. c4 Nf6 2. Nf3 g6 3. g3 Bg7 4. Bg2 O-O 5. O-O d6 6. d4 Nbd7 7. Nc3 e5 8. dxe5 dxe5 9. h3 c6 10. Be3 Qc7 11. Qd2 ({RR} 11. Qc1 Rd8 12. Rd1 b6 13. Bh6 Bh8 14. Qe3 Ba6 15. b3 Ne8 16. Rac1 Nd6 17. g4 Bb7 18. Ng5 Nc5 19. b4 Na6 20. c5 bxc5 21. bxc5 Ne8 22. Nce4 Rxd1+ 23. Rxd1 Nb4 24. Nd6 Nxd6 25. cxd6 Qd7 {½-½ Zysk,R (2404)-Kempinski,R (2574) Bundesliga 1819 2018 (4.3)}) 11... Re8 $146 ({RR} 11... Nb6 12. Bxb6 axb6 13. e4 Nd7 14. Ne1 Nc5 15. f4 Nb3 16. axb3 Rxa1 17. f5 Qd8 18. Qe2 Bh6 19. Nf3 Rxf1+ 20. Bxf1 gxf5 21. exf5 Bxf5 22. Qxe5 Bg6 23. Ne4 Bg7 24. Qf4 Re8 25. Nf2 Qf6 26. Qg4 {0-1 Puc,S-Pirc,V Ljubljana Liberation 1945 (3)}) ({RR} 11... Nb6 12. b3 Rd8 13. Qc1 Be6 14. a4 Nbd7 15. Ng5 Nf8 16. a5 Rd7 17. Rd1 Bf5 18. g4 Be6 19. Rxd7 Qxd7 20. Na4 h5 21. Nc5 Qc8 22. a6 b6 23. Ncxe6 Nxe6 24. Nxe6 Qxe6 25. g5 Ne8 26. b4 {1-0 Demeter,P (2075)-Prochazka,M (1882) LJ Slovakia Open 2024 (2.18)}) ({RR} 11... Nb6 12. Bxb6 axb6 13. Qe3 Re8 14. Rfd1 Be6 15. b3 Bf5 16. g4 Bxg4 17. hxg4 Nxg4 18. Qg5 e4 19. Nd4 Qh2+ 20. Kf1 h5 21. e3 Bh6 {0-1 Nasybullina,A (1915)-Atangulov,R (2116) Sterlitamak op 2010 (9)}) 12. Rac1 Qa5 13. Bh6 Bh8 14. Rfd1 Nc5 15. Ng5 Bf5 16. Qe3 Bd7 17. Rd6 Ne6 18. Qd2 Qc7 19. e3 Rad8 20. Rd1 Bc8 21. Nxe6 Qxd6 22. Nxd8 Qxd2 23. Rxd2 Nh5 24. Nxc6 1-0

[Event "45th Olympiad 2024"]
[Site "Budapest HUN"]
[Date "2024.09.20"]
[Round "9.65"]
[Board "1"]
[White "D'Amico, Nicola"]
[Black "Lam, Daniel King Wai"]
[Result "0-1"]
[WhiteElo "1801"]
[BlackElo "2088"]
[PlyCount "106"]
[EventDate "2024.09.11"]
[WhiteTeam "San Marino"]
[BlackTeam "Hong Kong, China"]
[WhiteTeamCountry "SMR"]

1. e4 c5 2. Nf3 d6 3. Bb5+ Bd7 4. Bxd7+ Qxd7 5. O-O Nc6 6. c3 Nf6 7. Qe2 e6 8. d4 cxd4 9. cxd4 d5 10. e5 Ne4 11. Nbd2 Nxd2 12. Bxd2 Be7 13. Rfc1 O-O 14. Rc2 Nb4 ({RR} 14... Rfc8 15. Rac1 a6 16. Qd3 Na7 17. Rxc8+ Rxc8 18. Rc2 Rxc2 19. Qxc2 Qc6 20. Qxc6 Nxc6 21. Kf1 g6 22. Ke2 f6 23. exf6 Bxf6 24. Kd3 Kf7 25. h3 Ke8 26. a4 Kd7 27. b3 Ke8 28. Bf4 Kd7 29. Bd2 {½-½ Sitnikov,A (2356)-Manik,M (2342) 15th Tamil Nadu IM 2024 (9.3)}) 15. Bxb4 Bxb4 16. Rac1 Ba5 $146 ({RR} 16... Rfc8 17. Rxc8+ Rxc8 18. Rxc8+ Qxc8 19. g3 a6 20. a3 Ba5 21. Kg2 b5 22. h4 Qc4 23. Kf1 Qc1+ 24. Kg2 Qc4 25. Kf1 Qc1+ 26. Kg2 Qc4 {½-½ Vitolinsh,A (2415)-Gufeld,E (2525) Jurmala International 1978 (10)}) 17. a3 Qa4 18. Qd3 h6 19. h3 Bb6 20. Kf1 Qd7 21. Kg1 Rfd8 22. Kf1 Qa4 23. Kg1 Kh8 24. Kf1 Qe8 25. Kg1 Qg8 26. Kf1 Qh7 27. Ke2 Qe4+ 28. Kd2 g5 29. g4 Kg7 30. Qe3 Rf8 31. Ke1 Rad8 32. Re2 Qg6 33. Rec2 Kh7 34. Kf1 Qe4 35. Re2 Qg6 36. Rec2 Kg7 37. Kg2 Qe4 38. Re2 Qg6 39. Rec2 f6 40. exf6+ Rxf6 41. Re2 Rdf8 42. Ne5 Qe8 43. Rec2 Qe7 44. Nd3 Rf3 45. Qe5+ Qf6 46. Qxf6+ R8xf6 47. Nc5 Bxc5 48. dxc5 Rb3 49. c6 bxc6 50. Rxc6 Rxb2 51. Rc7+ Kg6 52. Rxa7 Rfxf2+ 53. Kg1 Rg2+ 0-1

[Event "45th Olympiad 2024"]
[Site "Budapest HUN"]
[Date "2024.09.20"]
[Round "9.65"]
[Board "2"]
[White "Chan, Pui Yin Brandon"]
[Black "Volpinari, Danilo"]
[Result "1/2-1/2"]
[WhiteElo "2016"]
[BlackElo "1939"]
[PlyCount "72"]
[EventDate "2024.09.11"]
[WhiteTeam "Hong Kong, China"]
[BlackTeam "San Marino"]
[BlackTeamCountry "SMR"]

1. c4 e6 2. Nc3 d5 3. d4 dxc4 4. e3 a6 5. Bxc4 b5 6. Bd3 Bb7 7. Nf3 Nf6 8. a3 c5 9. dxc5 Bxc5 10. b4 Bd6 ({RR} 10... Be7 11. Bb2 O-O 12. O-O Nbd7 13. Qe2 Rc8 14. Rac1 Qb6 15. Rfd1 Rfd8 16. Ng5 h6 17. Nge4 Nxe4 18. Nxe4 Bxe4 19. Bxe4 Bf6 20. Rxc8 Rxc8 21. Rxd7 Bxb2 22. Qxb2 Qxe3 {1-0 Kis,L (1990)-Von Buelow,G (2327) Titled Tue 6th Feb Late 2024 (9)}) 11. Bb2 Nc6 $146 ({RR} 11... O-O 12. e4 Nc6 13. Qe2 Ne5 14. Rd1 Qe7 15. Nxe5 Bxe5 16. Na4 Bxb2 17. Nxb2 a5 18. Bxb5 Bxe4 19. O-O axb4 20. a4 Qb7 21. f3 Bd5 22. Nd3 b3 23. Nf4 Rfc8 24. Rd2 Rc3 25. Re1 h6 26. Kf1 {0-1 Kastel,O-Aloni,I Olympiad-11 Preliminaries C 1954 (3)}) ({RR} 11... O-O 12. O-O h6 13. h3 Qe7 14. Qe2 Nbd7 15. Rfd1 Rac8 16. Rac1 Rfd8 17. Nb1 Rxc1 18. Rxc1 Bxf3 19. Qxf3 Ne5 20. Bxe5 Bxe5 21. Bf1 Qd7 22. Be2 Rc8 23. Rd1 Qe7 24. Bd3 g5 25. Qe2 Kg7 26. g3 {0-1 Ljubojevic,L (2566)-Van Wely,L (2700) Amber-rapid 10th 2001 (7)}) ({RR} 11... O-O 12. O-O Qe7 13. Qe2 Nbd7 14. Ng5 Ne5 15. Nce4 Nxd3 16. Nxf6+ gxf6 17. Nxh7 Nxb2 18. Qg4+ Kh8 19. Qh5 Kg7 20. Qg4+ Kh8 21. Qh5 Kg7 22. Qg4+ Kh8 23. Qh5 {½-½ Vidmar,M-Maroczy,G Wien Trebitsch Memorial-01 1907 (6)}) ({RR} 11... Qe7 12. O-O O-O 13. Rc1 Nbd7 14. Qe2 Rfd8 15. Rfd1 Rac8 16. Nb1 Rxc1 17. Rxc1 Rc8 18. Rxc8+ Bxc8 19. Nbd2 {½-½ Rubinstein,A-Teichmann,R Wien Internationales Schachturnier 1908 (8)}) 12. Ne4 Nxe4 13. Bxe4 O-O 14. Nd4 Qd7 15. O-O Rac8 16. Nxc6 Bxc6 17. Bxc6 Rxc6 18. Qd4 f6 19. Rfd1 Qe7 20. f4 Rd8 21. Qe4 Rdc8 22. Rd2 Rc4 23. Qd3 Rd8 24. Rad1 Rcc8 25. Qe4 Rc4 26. Qd3 Rcc8 27. Qe4 Rc4 28. Rd4 Rxd4 29. Rxd4 Rc8 30. Qd3 Rc6 31. Qe4 Rc8 32. Rd2 h6 33. Qd4 Rc6 34. Qe4 Rc8 35. Qd4 Rc6 36. Qe4 Rc8 1/2-1/2

[Event "45th Olympiad 2024"]
[Site "Budapest HUN"]
[Date "2024.09.20"]
[Round "9.65"]
[Board "3"]
[White "Grassi, Enrico"]
[Black "Chan, Wang Ip Boris"]
[Result "0-1"]
[WhiteElo "1965"]
[BlackElo "2016"]
[PlyCount "76"]
[EventDate "2024.09.11"]
[WhiteTeam "San Marino"]
[BlackTeam "Hong Kong, China"]
[WhiteTeamCountry "SMR"]

1. e4 c5 2. Nf3 d6 3. d4 cxd4 4. Nxd4 Nf6 5. Nc3 a6 6. Bd3 Nc6 7. Nxc6 bxc6 8. O-O g6 9. Qe2 ({RR} 9. Kh1 Bg7 10. f4 O-O 11. f5 Bb7 12. Qe1 Nd7 13. Bg5 Ne5 14. Rd1 a5 15. Be2 a4 16. Qh4 Re8 17. h3 Qc7 18. Qg3 Ba6 19. Bxa6 Rxa6 20. f6 h6 21. Bh4 Bh8 22. Qf2 g5 23. Bg3 Bxf6 {1-0 Nepomniachtchi,I (2732)-Duda,J (2697) WchT 11th Khanty-Mansiysk 2017 (6.2)}) 9... Qc7 ({RR} 9... Nd7 10. b3 Bg7 11. Bb2 O-O 12. Na4 Bxb2 13. Nxb2 a5 14. Qe3 Qb6 15. Qg5 Re8 16. Na4 Qd4 17. Rad1 Qf6 18. Qe3 Ne5 19. Be2 Qh4 20. h3 Nd7 21. f4 Qf6 22. Bg4 Qg7 23. e5 Qf8 24. Qc3 {1-0 Fedoseev,V (2674)-Martinez Alcantara,J (2607) Titled Tue 28th Mar Late 2023 (6)}) 10. h3 Bg7 11. Re1 $146 ({RR} 11. Bd2 O-O 12. Rae1 Nd7 13. b3 e5 14. Na4 d5 15. f3 f5 16. c4 Bb7 17. cxd5 cxd5 18. Bb4 Rf7 19. Rc1 Qd8 20. exd5 a5 21. Bd2 Bxd5 22. Be3 Bf8 23. Rfd1 Be6 24. Bc4 Qf6 25. Bxe6 Qxe6 {1-0 Ljuboschiz,A (2161)-Ollech,D (2009) Muensterland op 31st 2013 (4)}) 11... Nd7 12. Bd2 O-O 13. Rab1 e5 14. Bc4 Bb7 15. Be3 Kh8 16. Red1 f5 17. f3 f4 18. Bf2 g5 19. Rd2 Rf6 20. Rbd1 Nb6 21. Bb3 Raf8 22. Kh1 Nc8 23. Qc4 c5 24. Qe2 Nb6 25. Bd5 Bc8 26. a4 Rh6 27. a5 Nxd5 28. Nxd5 Qf7 29. Bg1 g4 30. Bh2 gxh3 31. gxh3 Rxh3 32. Rg1 Qh5 33. Rd3 Be6 34. Qg2 Rg3 35. Qf2 Bxd5 36. exd5 e4 37. Rxg3 fxg3 38. Qxg3 exd3 0-1

[Event "45th Olympiad 2024"]
[Site "Budapest HUN"]
[Date "2024.09.20"]
[Round "9.65"]
[Board "4"]
[White "Li, Yiheng"]
[Black "Piva, Michele"]
[Result "1-0"]
[WhiteElo "1893"]
[BlackElo "1721"]
[PlyCount "59"]
[EventDate "2024.09.11"]
[WhiteTeam "Hong Kong, China"]
[BlackTeam "San Marino"]
[BlackTeamCountry "SMR"]

1. e4 c5 2. Nf3 g6 3. c3 Bg7 4. d4 cxd4 5. cxd4 Nc6 6. d5 Ne5 7. Nc3 a6 8. Nxe5 Bxe5 9. f4 Bg7 10. Be3 d6 11. Be2 $146 ({RR} 11. Bd4 Bxd4 12. Qxd4 f6 13. a4 Nh6 14. Be2 O-O 15. O-O Nf7 16. a5 e5 17. dxe6 Bxe6 18. Rfd1 Qc7 19. Qxd6 Nxd6 20. Rxd6 Qxd6 {0-1 Manukian,A (2196)-Nathan,N (1720) Titled Tuesday intern op 22nd June blitz 2021 (3)}) 11... Nh6 12. Bd4 O-O 13. Bxg7 Kxg7 14. Qd4+ f6 15. O-O-O Nf7 16. h4 h5 17. g4 Bxg4 18. Bxg4 hxg4 19. Rdg1 Qd7 20. h5 g5 21. fxg5 Nxg5 22. Qe3 Kh6 23. Rh4 f5 24. exf5 Rxf5 25. Rhxg4 Re5 26. Ne4 Rc8+ 27. Kb1 Qf5 28. Qxg5+ Qxg5 29. Nxg5 Kxh5 30. Nf3 1-0